000
00275nam a2200109Ia 4500
008
200302s9999 xx 000 0 und d
100
_a
P. K. Joy
245
_a
Hand Book Of Construction Management 2nd ed
260
_b
Macmillan Indian Ltd.
260
_c
1991
300
_a
484 P.,
999
_c
1879
_d
1879